000 01034cam a22002651 4500
001 gs 36000301
003 DLC
005 20260227111341.0
008 810112s1936 sw ab b 000 0 swe c
010 _ags 36000301
035 _a(OCoLC)7056843
040 _aU.S. Geological Survey
_cNIC
_dDLC
041 0 _aswe
_beng
042 _apremarc
050 0 0 _aQE282
_b.A3 ser. Ca, no. 24
100 1 _aGeijer, Per,
_d1886-1976.
245 0 0 _aNorbergs berggrund och malmfyndigheter,
_cav Per Geijer med 6 tavlor. Summary: Geology and ore deposits of Norberg.
260 _aStockholm.
_bKungl. boktryckeriet, P. A. Norstedt & söner,
_c1936.
300 _a162 p.
_billus., 6 fold. maps (part col., in pocket) diagrs.
_c31 cm.
490 0 _a[Sweden] Sveriges geologiska undersökning. Ser. Ca. Avhandlingar och uppsatser i 4:o
_vno. 24
500 _aSummary in English: p. 152-158.
504 _a"Förteckning över citerad litteratur": p. 160-162.
650 0 _aGeology
_zSweden
_zNorberg.
650 0 _aOre deposits
_zSweden
_zNorberg.
999 _c27294
_d27294